00972 2200361 4500001002100000005001500021035002500036007000300061008004100064020002200105040001700127082001200144084001400156090001800170100002000188245003500208260003600243300005100279500002900330650002700359850001200386041000800398504002800406990002200434990001800456990001800474990001800492990002200510990001800532990002000550990002200570990001800592INLIS00000000000565820190527090001 a0010-051500000000791ta150526t2013 yoia g ind d a978-602-280-126-9 aYOPDYOGbind04223a150 a150 LIF p aDEP 150 LIF p0 aLiftiah,d1969- 0aPsikologi kesehatan /cLiftiah3 aYogyakarta :bDeepublish,c2013 aviii, 95 halaman :bilustrasi, grafik ;c25 cm aBibliografi : halaman 93 aPsikologi--xkesehatan aYOPDYOG0 aind aBibliografi: halaman 93 aCB-D.11/2013-1636 a54714-PD/A.17 a63398-PD/A.19 a63398-PD/A.19 aCB-D.11/2013-1636 a54714-PD/A.17 a63398-PD/A.2019 aCB-D.11/2013-1636 a54714-PD/A.17